000 00591nam a2200181Ia 4500
008 090123s9999 xx 000 0 und d
082 _b3897
_a891.463/फडके
100 _aफडके ना. सी.
245 _aअसाहि एक त्रिकोण
250 _a1
260 _bसुलभ मुद्रणालय
_c1975
300 _a206
600 _aफडके ना. सी.
630 _aअसाहि एक त्रिकोण
700 _aफडके ना. सी.
730 _aअसाहि एक त्रिकोण
942 _cBOOK
999 _c41974
_d41974